1316 1055 1778 1629 1616 1124 1882 1556 1361 1797 1558 1725 1877 1549 1573 1839 1832 1671 1648 1484 1426 1631 1579 1596 1684 1256 1013 1354 1888 1735 1410 1349 1468 1852 1320 1380 1945 1053 1198 1463 1042 1123 1700 1947 1380 1047 1253 1032 1417 1837 1219 1483 1227 1687 1185 1307 1869 1284 1909 1155 1911 1079 1600 1886 1996 1755 1940 1379 1774 1592 1215 1188 1330 1652 1702 1527 1011 1778 1718 1629 1386 1929 1621 1492 1373 1355 1983 1672 1014 1550 1132 1330 1684 1757 1771 1115 1770 1481 1350 BCNSPRNW ULIB Ver.6.0+V

เปลี่ยนเป็นภาษาไทย

Change to English
 แสดงรายละเอียดบรรณานุกรม
  กลับหน้าหลัก

Brief Record : Get Marc (ISO 2709) : E-mail record : QR code < ปิดหน้าต่าง
LEADER : 00000nas 2200000uu 4500
001    13399124333
003     ULIB
008    150415s||||||||th 000 0 tha d
022 0  ^a01258885
110 1  ^aคณะพยาบาลศาสตร์ มหาวิทยาลัยมหิดล
245 00 ^aวารสารพยาบาลศาสตร์/^cคณะพยาบาลศาสตร์ มหาวิทยาลัยมหิดล
310    ^aรายสามเดือน
999    ^aทศพร
รายการนี้ยังไม่มีแท็ก
คุณยังไม่ได้ล็อกอิน คุณสามารถมีกิจกรรมร่วมกับเว็บไซต์ได้ แต่ต้องล็อกอินก่อน ::
  ล็อกอิน

รายการสื่อสารสนเทศ (วารสาร)

ดูแบบ: กล่อง รายการ

BibComment


ยังไม่เคยถูกคอมเมนท์

คอมเมนท์ทรัพยากรรายการนี้
  คอมเมนท์: วารสารพยาบาลศาสต..


 Copyright 2026. Bcnsprnw @Library